000 00321nam a2200133Ia 4500
005 20260328101454.0
008 260328s9999||||xx |||||||||||||| ||und||
100 _aGalindo, Michelle
245 0 _aIce Architecture /
_cMichelle Galindo
260 _bBraun
300 _a173 p.
650 _aARQUITECTURA CIVIL
942 _cBK
999 _c8783
_d8783